| 000 | 00866cam a22002773 4500 | ||
|---|---|---|---|
| 001 | 1094 | ||
| 005 | 20230821134047.0 | ||
| 008 | 020701s1998 nyu 000 1 eng | ||
| 020 | _a0590636715 (pbk.) | ||
| 040 |
_aDLC _cDLC _dDLC _beng |
||
| 050 | 0 | 0 | _aPZ7.A6485 |
| 082 | _aFic | ||
| 100 | 1 | _aApplegate, Katherine | |
| 245 | 1 | 4 |
_aThe solution / _cK.A. Applegate. |
| 260 |
_aNew York : _bScholastic, _c1998 |
||
| 300 |
_a152 pages : _c20 cm |
||
| 490 | 1 |
_aAnimorphs ; _vBook 22 |
|
| 500 | _a"An Apple paperback." | ||
| 505 | _aN | ||
| 520 | _aRachel and the other Animorphs resolve to eliminate David, an enemy within their ranks who may cause their defeat by the Yeerks. | ||
| 521 |
_a550
_bLexile |
||
| 521 |
_aN
_bRaz-Plus |
||
| 655 | 7 |
_aScience fiction. _2gsafd |
|
| 906 |
_a7 _bcbc _corignew _d2 _encip _f20 _gy-genrareb |
||
| 942 |
_2ddc _cBK _n0 |
||
| 999 |
_c1094 _d1094 |
||